Disenchantment (TV Show) Characters by Picture - Statistics

General Stats
  • This quiz has been taken 131 times
  • The average score is 11 of 16
Answer Stats
Picture Answer % Correct
Princess Tiabeanie
98%
Elfo
87%
Luci
86%
King Zog
85%
Chazzzzz
81%
Queen Oona
75%
Queen Dagmar
72%
Prince Derek
64%
Miri the Mop Girl
61%
Odval
61%
Prince Merkimer
60%
Bunty
59%
Jerry
54%
Sir Pendergast
43%
Sorcerio
43%
King Rulo
42%
No matching quizzes found
Score Distribution
Percent of People with Each Score
Percentile by Number Answered
Your Score History
You have not taken this quiz